Édouard Goerg
Saved in:
| Main Author: | |
|---|---|
| Other Authors: | , |
| Format: | Book |
| Language: | French |
| Published: |
Genève,
P. Cailler,
1965.
|
| Series: | Collection Grandes monographies ;
9. |
| Subjects: | |
| Tags: |
Add Tag
No Tags, Be the first to tag this record!
|
| LEADER | 00927nam a2200289I 4500 | ||
|---|---|---|---|
| 001 | 005492864-8 | ||
| 005 | 20041216131455.0 | ||
| 008 | 800505s1965 sz af 000 0 fre | ||
| 010 | |a 66091748 | ||
| 015 | |a F66-3144 | ||
| 035 | 0 | |a ocm06283601 | |
| 040 | |a DLC |c XBM |d XBM |d HFL | ||
| 050 | |a ND553.G648 |b W3 | ||
| 100 | 1 | |a Goerg, Édouard Joseph, |d 1893-1969. | |
| 245 | 1 | 0 | |a Édouard Goerg |c [par] Waldemar George. |
| 260 | |a Genève, |b P. Cailler, |c 1965. | ||
| 300 | |a 95 p. |b illus., 123 plates (part col.) |c 32 cm. | ||
| 490 | 1 | |a Les Grandes monographies ; |v 9 | |
| 490 | 0 | |a Peintres et sculpteurs d'hier et d'aujourd'hui, |v 73 | |
| 504 | |a Bibliographical note: p. 77. | ||
| 600 | 1 | 0 | |a Georg, Edward, |d 1893- |
| 600 | 1 | 0 | |a Goerg, Édouard Joseph, |d 1893-1969. |
| 700 | 0 | |a Waldemar George, |d 1893- | |
| 700 | 0 | |a Waldemar George, |d 1893-1970. | |
| 830 | 0 | |a Collection Grandes monographies ; |v 9. | |
| 988 | |a 20020608 | ||
| 906 | |0 DLC | ||


